UBT Library

Science, government, and industry for development : (Record no. 41271)

000 -LEADER
fixed length control field 00631cam a2200229 i 4500
001 - CONTROL NUMBER
control field 2689457
005 - DATE AND TIME OF LATEST TRANSACTION
control field 20180130053124.0
008 - FIXED-LENGTH DATA ELEMENTS--GENERAL INFORMATION
fixed length control field 751015s1975 txua b s100 0 eng
010 ## - LIBRARY OF CONGRESS CONTROL NUMBER
LC control number 75021547
020 ## - INTERNATIONAL STANDARD BOOK NUMBER
International Standard Book Number 0292775180
040 ## - CATALOGING SOURCE
Original cataloging agency DLC
Transcribing agency DLC
Modifying agency DLC
041 ## - LANGUAGE CODE
Language code of text/sound track or separate title eng
043 ## - GEOGRAPHIC AREA CODE
Geographic area code cl-----
080 ## - UNIVERSAL DECIMAL CLASSIFICATION NUMBER
Universal Decimal Classification number 338.98
082 00 - DEWEY DECIMAL CLASSIFICATION NUMBER
Classification number 338.98 ING
100 ## - Rafti
Rafti 19
101 ## - Shkurtesa
Shkurtesa SHP
245 10 - TITLE STATEMENT
Title Science, government, and industry for development :
Statement of responsibility, etc edited by Earl Ingerson and Wayne G. Bragg.
504 ## - BIBLIOGRAPHY, ETC. NOTE
Bibliography, etc Bibliography: p. 355-401.
906 ## - LOCAL DATA ELEMENT F, LDF (RLIN)
a 7
b cbc
c orignew
d 2
e ocip
f 19
g y-gencatlg
942 ## - ADDED ENTRY ELEMENTS (KOHA)
Source of classification or shelving scheme
Item type Books
Holdings
Withdrawn status Lost status Source of classification or shelving scheme Damaged status Not for loan Collection code Permanent location Current location Shelving location Date acquired Total Checkouts Full call number Barcode Date last seen Price effective from Koha item type
          Koleksioni i përgjithshem UBT - Lipjan UBT - Lipjan Koleksioni i lëndeve mesimore 01/30/2018   338.98 ING 002-2996739 01/30/2018 01/30/2018 Books
UBT Library © 2015-2024. All rights reserved University Education for Business and Technology